000 00658nam a2200265Ia 4500
005 20260306163825.0
008 008 260114s9999 xx 000 0 eng d
020 _a9781781706268
037 _aEBOOK
040 _aCRL
040 _beng
040 _cCRL
041 _2eng
041 _aeng
084 _qCRL
100 _aPowell, Geoghegan, Scanlon F
_91129439
245 0 _aYouth Policy, Civil Society And The Modern Irish State
260 _bManchester University Press
260 _c2014
650 _aSocial Work
856 _uhttps://academic.oup.com/book/13562
942 _cEBOOK
999 _c1711639
_d1711639